000
00317nam a2200133Ia 4500
005
20251222141941.0
008
251222s9999||||xx |||||||||||||| ||spa||
082
_a
155.4/H96
100
_a
Hurlock, Elizabeth B.
245
0
_a
Desarrollo Psicologico del NiƱo
250
_a
4a.ed.
264
_b
Castillo
942
_c
LIB
999
_c
9375
_d
9375